NBA: Top 50 Active Players: Player Efficiency Rating - Statistics

General Stats
  • This quiz has been taken 117 times
    6 since last reset
  • The average score is 36 of 50
Answer Stats
# Player PER % Correct
39 Anthony Edwards 18.23
100%
29 Bam Adebayo 19.68
100%
32 Devin Booker 19.01
100%
11 James Harden 23.51
100%
47 Jaylen Brown 17.46
100%
27 Jayson Tatum 20.28
100%
2 Joel Embiid 27.98
100%
9 Kawhi Leonard 23.63
100%
7 Kevin Durant 24.55
100%
3 LeBron James 26.69
100%
6 Luka Dončić 25.85
100%
1 Nikola Jokić 28.85
100%
20 Rudy Gobert 20.90
100%
19 Russell Westbrook 21.30
100%
12 Stephen Curry 23.44
100%
18 Trae Young 21.33
100%
4 Anthony Davis 26.68
83%
13 Damian Lillard 22.23
83%
36 De'Aaron Fox 18.49
83%
33 DeMar DeRozan 18.88
83%
25 Domantas Sabonis 20.49
83%
5 Giannis Antetokounmpo 26.07
83%
30 Jalen Brunson 19.22
83%
15 Jimmy Butler 21.79
83%
10 Karl-Anthony Towns 23.62
83%
14 Kyrie Irving 22.19
83%
31 Paul George 19.07
83%
8 Shai Gilgeous-Alexander 24.39
83%
40 Brook Lopez 18.22
67%
48 Dejounte Murray 17.34
67%
44 Jamal Murray 17.70
67%
21 Kristaps Porziņģis 20.77
67%
49 Kyle Lowry 17.26
67%
45 Lauri Markkanen 17.67
67%
28 Nikola Vučević 19.97
67%
43 Al Horford 17.76
50%
42 Bradley Beal 17.97
50%
26 Donovan Mitchell 20.33
50%
34 John Collins 18.54
50%
41 Julius Randle 18.11
50%
23 Kevin Love 20.63
50%
37 Pascal Siakam 18.47
50%
17 Andre Drummond 21.43
33%
50 Bobby Portis 17.20
33%
16 Clint Capela 21.56
33%
22 Jarrett Allen 20.70
33%
24 Jonas Valančiūnas 20.60
33%
38 DeAndre Jordan 18.30
17%
35 Jusuf Nurkić 18.49
0%
46 Mason Plumlee 17.52
0%
No matching quizzes found
Score Distribution
Percent of People with Each Score
Percentile by Number Answered
Your Score History
You have not taken this quiz since the last reset